Prajna Vol viii (Record no. 1497)

MARC details
000 -LEADER
fixed length control field 00343nam a22001337a 4500
008 - FIXED-LENGTH DATA ELEMENTS--GENERAL INFORMATION
fixed length control field 260530b |||||||| |||| 00| 0 eng d
020 ## - INTERNATIONAL STANDARD BOOK NUMBER
International Standard Book Number 9789381275320
082 ## - DEWEY DECIMAL CLASSIFICATION NUMBER
Classification number 001922
100 ## - MAIN ENTRY--PERSONAL NAME
Personal name Poorna Prajna Samshodhan Trust
245 ## - TITLE STATEMENT
Title Prajna Vol viii
260 ## - PUBLICATION, DISTRIBUTION, ETC.
Place of publication, distribution, etc. Bangalore
Name of publisher, distributor, etc. Poorna Prajna Samshodhan Trust
Date of publication, distribution, etc. 2013
300 ## - PHYSICAL DESCRIPTION
Extent 155p
942 ## - ADDED ENTRY ELEMENTS (KOHA)
Source of classification or shelving scheme Dewey Decimal Classification
Holdings
Withdrawn status Lost status Source of classification or shelving scheme Damaged status Not for loan Home library Current library Shelving location Date acquired Source of acquisition Total Checkouts Full call number Barcode Date last seen Price effective from Koha item type
    Dewey Decimal Classification     Karnataka Samskrit University Library Karnataka Samskrit University Library General Stacks 03/06/2025 Poornaprajna Samshodhana Mandiram   001922 001922 05/30/2026 05/30/2026 Books

Powered by Koha